[Event "Szolnok Agora op 2nd"]
[Site "Szolnok"]
[Date "2023.07.01"]
[Round "6"]
[White "Olah, Laszlo Istvan"]
[Black "Kardos Szabo, Imre"]
[Result "0-1"]
[WhiteElo "1659"]
[BlackElo "1775"]
[PlyCount "85"]
[EventDate "2023.06.29"]
[EventType "swiss"]
[EventRounds "7"]
[EventCountry "HUN"]
[SourceTitle "EXT 2024"]
[Source "ChessBase"]
[SourceDate "2023.10.10"]
[SourceVersion "1"]
[SourceVersionDate "2023.10.10"]
[SourceQuality "1"]

1. e4 d5 2. exd5 Qxd5 3. Nc3 Qd8 4. Bc4 e6 5. d4 c6 6. Nf3 Nd7 7. Bf4 Ngf6 8. Qe2 Be7 9. 0-0-0 b5 10. Bd3 b4 11. Ne4 Nd5 12. Nd6+ Kf8 13. Bg3 h5 14. h4 N7f6 15. Nxf7 Kxf7 16. Ne5+ Kg8 17. Nxc6 Qe8 18. Ne5 Qa4 19. Kb1 Nc3+ 20. bxc3 bxc3 21. Ka1 Ba3 22. Nc4 Bd7 23. Nxa3 Qxa3 24. Rb1 Nd5 25. Rb3 Qa5 26. Rhb1 Kf7 27. Rb7 Rad8 28. Bc4 Rh6 29. Bb5 Nb4 30. Bc4 Nd5 31. Bxd5 Qxd5 32. Qf3+ Qxf3 33. gxf3 a5 34. Bf4 Rg6 35. Bg5 Rxg5 36. hxg5 Kg6 37. Rg1 Bc6 38. Rb3 Rxd4 39. Rxc3 Bd5 40. Rd3 Ra4 41. a3 Rf4 42. Rg3 h4 43. Rg4 0-1

[Event "Budapest Art Pub op 9th"]
[Site "Budapest"]
[Date "2015.11.21"]
[Round "3"]
[White "Yip, Michael"]
[Black "Olah, Laszlo Istvan"]
[Result "1-0"]
[WhiteElo "1926"]
[BlackElo "1609"]
[PlyCount "79"]
[EventDate "2015.11.20"]
[EventType "swiss"]
[EventRounds "6"]
[EventCountry "HUN"]
[SourceTitle "CBM 169 Extra"]
[Source "ChessBase"]
[SourceDate "2015.12.18"]
[SourceVersion "1"]
[SourceVersionDate "2015.12.18"]
[SourceQuality "1"]

1. d4 Nf6 2. c4 g6 3. Nf3 Bg7 4. g3 0-0 5. Bg2 d6 6. Nc3 a6 7. 0-0 Nc6 8. d5 Na5 9. Nd2 c5 10. Qc2 Rb8 11. b3 b5 12. Bb2 e5 13. Rab1 Bf5 14. e4 Bd7 15. Rbe1 bxc4 16. bxc4 h5 17. Nd1 Nh7 18. Bc3 h4 19. Ne3 Ng5 20. f4 Nh3+ 21. Kh1 hxg3 22. hxg3 exf4 23. gxf4 Qh4 24. f5 Ba4 25. Qc1 Nf2+ 26. Kg1 Nd3 27. Qa1 Bxc3 28. Qxc3 Nxe1 29. Qxa5 Rb2 30. Qc3 Rfb8 31. e5 Qg3 32. e6 Nxg2 33. exf7+ Kh7 34. fxg6+ Qxg6 35. Nxg2 Rc2 36. Qe3 Rf8 37. Rf3 Bd7 38. Qf4 Rc1+ 39. Kf2 Bg4 40. Nh4 1-0

[Event "Budapest Art Pub Cup 7th"]
[Site "Budapest"]
[Date "2015.03.14"]
[Round "3"]
[White "Oszvald, Peter"]
[Black "Olah, Laszlo Istvan"]
[Result "1-0"]
[WhiteElo "1776"]
[BlackElo "1628"]
[PlyCount "69"]
[EventDate "2015.03.13"]
[EventType "swiss"]
[EventRounds "6"]
[EventCountry "HUN"]
[SourceTitle "CBM 165 Extra"]
[Source "ChessBase"]
[SourceDate "2015.04.21"]
[SourceVersion "1"]
[SourceVersionDate "2015.04.21"]
[SourceQuality "1"]

1. Nf3 Nf6 2. g3 g6 3. Bg2 Bg7 4. 0-0 0-0 5. d3 d6 6. Nfd2 e5 7. e4 Nc6 8. Nc3 Nd4 9. Ne2 Bg4 10. f3 Bd7 11. Nxd4 exd4 12. Nb3 c5 13. e5 Nd5 14. exd6 Qb6 15. f4 Qxd6 16. Na5 b5 17. Bd2 Rae8 18. Be4 f5 19. Bf3 Ne3 20. Bxe3 Rxe3 21. Qd2 Rfe8 22. Rae1 Qe6 23. Ra1 c4 24. dxc4 bxc4 25. Qb4 Rc8 26. Qb7 Kh8 27. Bd5 Qe8 28. Nxc4 Rxc4 29. Bxc4 Bc6 30. Qxa7 h5 31. Qf7 Qa8 32. Qxg6 Bf3 33. Rae1 d3 34. Rxe3 Bd4 35. Qh6# 1-0

[Event "Budapest Art Pub Cup 7th"]
[Site "Budapest"]
[Date "2015.03.13"]
[Round "1"]
[White "Yip, Michael"]
[Black "Olah, Laszlo Istvan"]
[Result "1-0"]
[WhiteElo "1979"]
[BlackElo "1628"]
[PlyCount "57"]
[EventDate "2015.03.13"]
[EventType "swiss"]
[EventRounds "6"]
[EventCountry "HUN"]
[SourceTitle "CBM 165 Extra"]
[Source "ChessBase"]
[SourceDate "2015.04.21"]
[SourceVersion "1"]
[SourceVersionDate "2015.04.21"]
[SourceQuality "1"]

1. d4 Nf6 2. c4 g6 3. Nc3 Bg7 4. Nf3 0-0 5. g3 d6 6. Bg2 Nc6 7. 0-0 a6 8. d5 Na5 9. Nd2 c5 10. Qc2 Rb8 11. Rb1 Bd7 12. b3 Qc8 13. Bb2 b5 14. Nce4 bxc4 15. Nxf6+ exf6 16. bxc4 Qc7 17. Bc3 Bf5 18. Be4 Bxe4 19. Qxe4 Rfe8 20. Qd3 f5 21. Bxg7 Kxg7 22. Qc3+ f6 23. e3 Re7 24. Rxb8 Qxb8 25. Qxa5 Rb7 26. Nb3 Rb6 27. Rc1 Qb7 28. Kg2 Rb4 29. Kg1 1-0

[Event "Level op 2nd"]
[Site "Level"]
[Date "2014.03.28"]
[Round "1"]
[White "Banszegi, Attila"]
[Black "Olah, Laszlo Istvan"]
[Result "1-0"]
[WhiteElo "2097"]
[BlackElo "1621"]
[PlyCount "77"]
[EventDate "2014.03.28"]
[EventType "swiss"]
[EventRounds "7"]
[EventCountry "HUN"]
[SourceTitle "EXT 2020"]
[Source "ChessBase"]
[SourceDate "2019.10.17"]
[SourceVersion "1"]
[SourceVersionDate "2019.10.17"]
[SourceQuality "1"]

1. e4 e5 2. Nf3 Nc6 3. d4 exd4 4. Nxd4 Bc5 5. Be3 Qf6 6. c3 Nge7 7. Be2 0-0 8. 0-0 d5 9. Bf3 Ne5 10. Nd2 Rd8 11. exd5 Nxf3+ 12. N2xf3 Rxd5 13. Qb3 Rh5 14. Rfe1 Bd6 15. Ne2 Be6 16. c4 Bg4 17. Qxb7 Bxf3 18. Qxf3 Qxf3 19. gxf3 Bxh2+ 20. Kf1 Be5 21. Ng3 Bxg3 22. fxg3 Nf5 23. Bf2 f6 24. g4 Rh1+ 25. Kg2 Rxe1 26. Rxe1 Nd6 27. b3 a6 28. c5 Nf7 29. Re7 c6 30. Rc7 Ne5 31. Kg3 g5 32. Bd4 Re8 33. Bxe5 Rxe5 34. Rxc6 a5 35. a3 Kf7 36. b4 axb4 37. axb4 Kg6 38. b5 Re8 39. b6 1-0

[Event "Budapest FS07 FM-B"]
[Site "Budapest"]
[Date "2012.07.14"]
[Round "8"]
[White "Benyeda, Tibor"]
[Black "Olah, Laszlo Istvan"]
[Result "1/2-1/2"]
[WhiteElo "1623"]
[BlackElo "1635"]
[PlyCount "39"]
[EventDate "2012.07.07"]
[EventType "tourn"]
[EventRounds "11"]
[EventCountry "HUN"]
[SourceTitle "CBM 149 Extra"]
[Source "ChessBase"]
[SourceDate "2012.08.24"]
[SourceVersion "1"]
[SourceVersionDate "2012.08.24"]
[SourceQuality "1"]

1. e4 e5 2. Nf3 Nc6 3. Nc3 Nf6 4. Be2 Bb4 5. a3 Bxc3 6. dxc3 0-0 7. Bd3 d6 8. 0-0 Bg4 9. h3 Bxf3 10. Qxf3 h6 11. Bb5 Ne7 12. Be3 Ng6 13. c4 a6 14. Ba4 c5 15. b4 Qc7 16. Bb3 Rad8 17. b5 a5 18. a4 b6 19. c3 Nh7 20. Rad1 1/2-1/2

[Event "Budapest FS07 FM-B"]
[Site "Budapest"]
[Date "2012.07.08"]
[Round "2"]
[White "Olah, Laszlo Istvan"]
[Black "Gruz, Janos"]
[Result "1-0"]
[WhiteElo "1635"]
[BlackElo "1868"]
[PlyCount "71"]
[EventDate "2012.07.07"]
[EventType "tourn"]
[EventRounds "11"]
[EventCountry "HUN"]
[SourceTitle "CBM 149 Extra"]
[Source "ChessBase"]
[SourceDate "2012.08.24"]
[SourceVersion "1"]
[SourceVersionDate "2012.08.24"]
[SourceQuality "1"]

1. e4 d6 2. d4 c6 3. f4 Nf6 4. Nc3 Bg4 5. Nf3 e6 6. Be2 Be7 7. 0-0 h6 8. e5 Nd5 9. Ne4 Bxf3 10. Bxf3 dxe5 11. fxe5 Na6 12. c3 Qc7 13. Bh5 g6 14. Qf3 0-0-0 15. Bg4 Rdf8 16. b4 Qd7 17. a4 Nac7 18. Ba3 h5 19. Bh3 f5 20. exf6 Nxf6 21. Nc5 Bxc5 22. dxc5 Ng4 23. Qe2 Qg7 24. Bb2 Qh6 25. Rxf8+ Rxf8 26. Bxg4 hxg4 27. Qxg4 Qe3+ 28. Kh1 Qf2 29. h3 Qxb2 30. Rd1 Qc2 31. Qd4 Nd5 32. c4 Nf6 33. Qd6 Re8 34. b5 Qe4 35. b6 axb6 36. cxb6 1-0